[Event "Czech Open A"]
[Site "Pardubice CZE"]
[Date "2006.07.26"]
[Round "6"]
[White "Savchenko,B"]
[Black "Blomqvist,E"]
[Result "1/2-1/2"]
[WhiteElo "2569"]
[BlackElo "2133"]

1.e4 c5 2.Nf3 d6 3.d4 cxd4 4.Nxd4 Nf6 5.Nc3 a6 6.Be3 e5 7.Nf3 Qc7 8.a4 b6
9.Be2 Bb7 10.Nd5 Nxd5 11.exd5 Nd7 12.O-O Be7 13.c4 O-O 14.a5 bxa5 15.Qe1 Bd8
16.Bd2 Qc5 17.Bxa5 e4 18.b4 Qa7 19.Nd2 f5 20.Nb3 Ne5 21.Bxd8 Raxd8 22.Qd2 f4
23.Nd4 f3 24.Ne6 Bc8 25.Nxd8 Rxd8 26.Rfe1 fxe2 27.Rxe2 Nxc4 28.Qc2 Ne5 29.Qxe4 Qb6
30.h3 Rf8 31.Rd1 Bd7 32.Re3 h6 33.Qd4 Qd8 34.f4 Ng6 35.Rf1 Rf6 36.g4 Qf8
37.Re4 Qc8 38.Rf3 Qc1+ 39.Rf1 Qc8 40.Rf3 Rf7 41.Rc3 Qf8 42.Rf3 Re7 43.Kf2 Rxe4
44.Qxe4 Qf6 45.Kg3 Kf7 46.Ra3 h5 47.f5 h4+ 48.Kf3 Ne5+ 49.Kf4 g5+ 50.Ke3 Bb5
51.Kf2 Qd8 52.Qe3 Kf6 53.Rc3 Qb8 54.Qd4 Qb7 55.Ke1 Bd7 56.Kf2 Be8 57.Re3 Bf7
58.Re2 Qb5 59.Rd2 a5 60.bxa5 Qxa5 61.Rc2 Qa3 62.Rc6 Qg3+ 63.Ke2 Qf3+ 64.Kd2 Qa3
65.Rb6 Kg7 66.Kc2 Be8 67.Kb1 Ba4 68.Rb7+ Kf6 69.Rh7 Bb3 70.Ra7 Ba2+ 71.Ka1 Qxh3
72.Qb6 Nc4 73.Qd4+ Ne5  1/2-1/2

[Event "32nd Open"]
[Site "Sitges ESP"]
[Date "2006.07.26"]
[Round "6"]
[White "Lacasa Diaz,J"]
[Black "Losada Cabrera,F"]
[Result "1-0"]
[WhiteElo "2420"]
[BlackElo "2195"]

1.e4 c5 2.Nf3 d6 3.d4 cxd4 4.Nxd4 Nf6 5.Nc3 a6 6.Be3 e5 7.Nf3 Qc7 8.Bg5 Nbd7
9.a4 h6 10.Bh4 Be7 11.Nd2 O-O 12.Bc4 Re8 13.Qe2 b6 14.O-O Bb7 15.Rfd1 Nc5
16.Bxf6 Bxf6 17.Bd5 Ne6 18.Bxb7 Qxb7 19.Nc4 Nd4 20.Qd3 Qc6 21.Nd5 Bd8 22.Ra3 b5
23.axb5 axb5 24.Rxa8 bxc4 25.Qa3 f5 26.Rxd8  1-0

[Event "Dutch Open"]
[Site "Dieren NED"]
[Date "2006.07.27"]
[Round "3"]
[White "Mellema,A"]
[Black "Van Roosmalen,S"]
[Result "1/2-1/2"]
[WhiteElo "2035"]
[BlackElo "2266"]

1.e4 c5 2.Nf3 d6 3.d4 cxd4 4.Nxd4 Nf6 5.Nc3 a6 6.Be3 e6 7.a4 b6 8.g3 Bb7
9.Bg2 Qc7 10.O-O Nc6 11.Nxc6 Bxc6 12.h3 Be7 13.Qd4 O-O 14.Qxb6 Qxb6 15.Bxb6 Rab8
16.a5 Nd7 17.Na4 Bxa4 18.Rxa4 Nxb6 19.axb6 Rxb6 20.Rb1 Bf6 21.Bf1 Bxb2  1/2-1/2

[Event "Czech Open A"]
[Site "Pardubice CZE"]
[Date "2006.07.27"]
[Round "7"]
[White "Haba,P"]
[Black "Carlsson,P"]
[Result "1-0"]
[WhiteElo "2514"]
[BlackElo "2453"]

1.e4 c5 2.Nf3 d6 3.d4 Nf6 4.Nc3 cxd4 5.Nxd4 a6 6.Be3 e5 7.Nb3 Be6 8.Be2 Be7
9.O-O O-O 10.Qd2 Nbd7 11.a4 Nb6 12.a5 Nc4 13.Bxc4 Bxc4 14.Rfd1 Rc8 15.f3 Qc7
16.Kh1 Be6 17.Nc1 d5 18.Bb6 Qb8 19.exd5 Nxd5 20.Nxd5 Bxd5 21.Qxd5 Rcd8 22.Bxd8 Rxd8
23.Qxd8+ Bxd8 24.Nd3 Bc7 25.Nc5 h6 26.Rd7 Qc8 27.Rad1 b6 28.Nxa6 Qxa6 29.Rxc7 Qe2
30.Rcd7 bxa5 31.Rc1 Qc4 32.c3 h5 33.Rdd1 a4 34.Re1 f6 35.Re4 Qc6 36.c4 Qc5
37.h3 Kf7 38.Ree1 g5 39.Red1 Ke6 40.Rd3 Kf5 41.g4+ hxg4 42.hxg4+ Kf4 43.Kg2 Qb4
44.Rc2 f5 45.gxf5 Qe1 46.f6 e4 47.f7 Qg3+ 48.Kf1 Qh3+ 49.Ke1 Qh1+ 50.Kd2 Qh8
51.fxe4 Kxe4  1-0

[Event "Czech Open A"]
[Site "Pardubice CZE"]
[Date "2006.07.27"]
[Round "7"]
[White "Solovjov,S"]
[Black "Smikovski,I"]
[Result "0-1"]
[WhiteElo "2434"]
[BlackElo "2543"]

1.e4 c5 2.Nf3 d6 3.d4 cxd4 4.Nxd4 Nf6 5.Nc3 a6 6.Be3 e5 7.Nb3 Be6 8.f3 Be7
9.Qd2 O-O 10.O-O-O Nbd7 11.g4 Qc7 12.h4 Rfc8 13.h5 d5 14.g5 d4 15.Bxd4 Bxb3
16.Be3 Be6 17.gxf6 Nxf6 18.Qg2 Qa5 19.Bh6 g6 20.hxg6 fxg6 21.Bd2 Bxa2 22.Nxa2 Qxa2
23.Bc3 Bb4 24.Bxb4 Qa1+ 25.Kd2 Qxb2 26.Bd3 Qxb4+ 27.Ke2 Rc7 28.Rb1 Qd6  0-1

[Event "Czech Open A"]
[Site "Pardubice CZE"]
[Date "2006.07.27"]
[Round "7"]
[White "Kryvoruchko,Y"]
[Black "Borovikov,V"]
[Result "1/2-1/2"]
[WhiteElo "2536"]
[BlackElo "2582"]

1.e4 c5 2.Nf3 d6 3.d4 cxd4 4.Nxd4 Nf6 5.Nc3 a6 6.Be3 e5 7.Nb3 Be6 8.Qd2 Nbd7
9.f4 b5 10.O-O-O Be7 11.f5 Bxb3 12.axb3 b4 13.Nd5 Nxd5 14.Qxd5 O-O 15.Bc4 Qc7
16.g4 Nf6 17.Qd3 Nxg4 18.Rhg1 Nxe3 19.Qxe3 Bf6 20.Qh6 Kh8 21.Qh5 h6 22.Rd3 Qe7
23.Rh3 Kh7 24.Rg2 a5 25.Kd1 Rac8 26.Bd5 Qa7 27.Ke1 Qe7 28.Kf1 Rb8 29.Kg1 Qa7+
30.Kh1 Qe7 31.Rhg3 Rbc8 32.h4  1/2-1/2

[Event "Czech Open A"]
[Site "Pardubice CZE"]
[Date "2006.07.27"]
[Round "7"]
[White "Jedryczka,K"]
[Black "Meier,Geo"]
[Result "0-1"]
[WhiteElo "2315"]
[BlackElo "2450"]

1.e4 c5 2.Nf3 d6 3.d4 cxd4 4.Nxd4 Nf6 5.Nc3 a6 6.Be3 e6 7.f3 b5 8.Qd2 Nbd7
9.g4 h6 10.h4 b4 11.Nce2 d5 12.Rg1 dxe4 13.g5 hxg5 14.hxg5 Nd5 15.O-O-O g6
16.Nf4 Nxe3 17.Qxe3 Bb7 18.Bc4 Qb6 19.fxe4 Bc5 20.e5 O-O-O 21.Nfe2 Rh4 22.c3 Re4
23.Qh3 Nxe5 24.Bxe6+ fxe6 25.Nxe6 Be3+  0-1

[Event "MTO Open"]
[Site "Biel SUI"]
[Date "2006.07.28"]
[Round "5"]
[White "Bebchuk,L"]
[Black "Mantzouneas,N"]
[Result "1-0"]
[WhiteElo "2119"]
[BlackElo "2024"]

1.e4 c5 2.Nf3 d6 3.d4 cxd4 4.Nxd4 Nf6 5.Nc3 a6 6.Be3 e5 7.Nb3 Be6 8.f3 Nbd7
9.g4 Nb6 10.Qd2 Nc4 11.Bxc4 Bxc4 12.g5 Nd7 13.O-O-O Qc7 14.Nd5 Bxd5 15.Qxd5 Rc8
16.Rd2 Nb6 17.Bxb6 Qxb6 18.f4 Be7 19.h4 exf4 20.e5 Qc6 21.exd6 Qxd5 22.Rxd5 Rd8
23.Re1 Rd7 24.Nc5  1-0

[Event "Czech Open A"]
[Site "Pardubice CZE"]
[Date "2006.07.28"]
[Round "8"]
[White "Smikovski,I"]
[Black "Bindrich,F"]
[Result "1-0"]
[WhiteElo "2543"]
[BlackElo "2486"]

1.e4 c5 2.Nf3 d6 3.d4 cxd4 4.Nxd4 Nf6 5.Nc3 a6 6.Be3 e5 7.Nb3 Be6 8.f3 Be7
9.Qd2 O-O 10.O-O-O Nbd7 11.g4 b5 12.g5 b4 13.Ne2 Ne8 14.f4 a5 15.f5 a4 16.fxe6 axb3
17.exf7+ Rxf7 18.Kb1 bxc2+ 19.Qxc2 Bxg5 20.Bxg5 Qxg5 21.Ng3 Nb6 22.Qb3 d5
23.Qxb4 Qd8 24.Bh3 Rf6 25.exd5 Na4 26.Ne4 Nxb2 27.Rhf1 Nd6 28.Nxf6+ gxf6
29.Rg1+ Kh8 30.Qg4 Qc7 31.Qf3 f5 32.Kxb2 Nc4+ 33.Ka1 Rxa2+ 34.Kxa2 Qa5+ 35.Kb3 Qa3+
36.Kxc4 Qxf3 37.Rb1 h5 38.Bg2 Qf4+ 39.Kb5 e4 40.Kc6 Kg7 41.Bh3+  1-0

[Event "Czech Open A"]
[Site "Pardubice CZE"]
[Date "2006.07.28"]
[Round "8"]
[White "Vymazal,B"]
[Black "Kim,Alex"]
[Result "0-1"]
[WhiteElo "2305"]
[BlackElo "2454"]

1.e4 c5 2.Nf3 d6 3.d4 cxd4 4.Nxd4 Nf6 5.Nc3 a6 6.Be3 e5 7.Nb3 Be6 8.f3 Be7
9.Qd2 O-O 10.O-O-O a5 11.Bb5 Na6 12.Qf2 Qb8 13.Kb1 Nc7 14.a4 Rc8 15.Be2 d5
16.exd5 Nfxd5 17.Nxd5 Nxd5 18.Bd3 Qc7 19.Rhe1 Nb4 20.Bb6 Qc6 21.Rxe5 Qxa4
22.Nd4 Qa2+ 23.Kc1 Qa1+ 24.Kd2 Qxb2 25.Rb5 Bd7 26.Nf5 Bg5+ 27.f4 Bxb5 28.Bd4 Rxc2+  0-1

[Event "32nd Open"]
[Site "Sitges ESP"]
[Date "2006.07.28"]
[Round "8"]
[White "Lacasa Diaz,J"]
[Black "Cruz,Cr"]
[Result "1-0"]
[WhiteElo "2420"]
[BlackElo "2284"]

1.e4 c5 2.Nf3 d6 3.d4 cxd4 4.Nxd4 Nf6 5.Nc3 a6 6.Be3 e6 7.g4 e5 8.Nf5 g6
9.g5 gxf5 10.exf5 d5 11.Qf3 Bb4 12.gxf6 Qxf6 13.O-O-O Bxc3 14.bxc3 Qxf5 15.Qg3 Qf6
16.Rxd5 Nc6 17.Rg1 Ne7 18.Qxe5 Qxe5 19.Rxe5 Be6 20.Bd4 Kd7 21.Rh5 Rhg8 22.Rxg8 Rxg8
23.Bh3 Rg1+ 24.Kb2 Bxh3 25.Rxh3 Ng6 26.Rxh7 Ke6 27.h4 Rh1 28.h5 Nf4 29.Rh6+ Kd5
30.Rf6 Ne6 31.Rxf7 Nxd4 32.cxd4 Rxh5 33.c3 b5 34.Kb3 Rh1 35.Rf6  1-0

[Event "Dutch Open"]
[Site "Dieren NED"]
[Date "2006.07.29"]
[Round "5"]
[White "Hamelink,D"]
[Black "Otte,Mari"]
[Result "0-1"]
[WhiteElo "2214"]
[BlackElo "2117"]

1.e4 c5 2.Nf3 d6 3.d4 cxd4 4.Nxd4 Nf6 5.Nc3 a6 6.Be3 e6 7.f3 b5 8.Qd2 Bb7
9.g4 Nfd7 10.O-O-O Nb6 11.Qf2 N8d7 12.Bd3 Rc8 13.Nce2 Be7 14.h4 Qc7 15.Kb1 d5
16.e5 Nc5 17.f4 Nc4 18.Bc1 Ne4 19.Qe1 Qb6 20.f5 Bc5 21.Bxe4 dxe4 22.fxe6 fxe6
23.Rf1 Rd8 24.Qc3 Bd5 25.b3 b4 26.Qg3 Na3+ 27.Bxa3 bxa3 28.Qc3 Bb4 29.Qe3 Bc5
30.Qg5 Rd7 31.Qc1 Bc4 32.c3 Bd3+ 33.Ka1 Rxd4 34.cxd4 Bxd4+ 35.Nc3 Qb4 36.Rxd3 exd3
37.Kb1 Qxc3 38.Qxc3 Bxc3 39.Rf3 d2 40.Kc2 Bb4 41.Rf4 a5  0-1

[Event "Dutch Open"]
[Site "Dieren NED"]
[Date "2006.07.29"]
[Round "5"]
[White "Roy Chowdhury,S"]
[Black "Baramidze,D"]
[Result "1/2-1/2"]
[WhiteElo "2394"]
[BlackElo "2591"]

1.e4 c5 2.Nf3 d6 3.d4 cxd4 4.Nxd4 Nf6 5.Nc3 a6 6.Be3 e5 7.Nf3 Be7 8.Bc4 O-O
9.O-O Be6 10.Bb3 Nc6 11.Bg5 Na5 12.Qe2 Nxb3 13.axb3 Nh5 14.Be3 Nf6 15.Bg5 Nd7
16.Bxe7 Qxe7 17.Rfd1 Nf6 18.Nd2 b5 19.Nf1 b4 20.Nd5 Bxd5 21.exd5 Rfc8 22.Rxa6 Rxa6
23.Qxa6 Rxc2 24.Qa8+ Qe8 25.Qb7 Qd7 26.Qxb4 Rxb2 27.Ra1 h6 28.Ne3 Qc7  1/2-1/2

[Event "XLVIII TCh-POR"]
[Site "Evora POR"]
[Date "2006.07.29"]
[Round "8"]
[White "Zawadzki,S"]
[Black "Ribeiro,Fe"]
[Result "1-0"]
[WhiteElo "2397"]
[BlackElo "2262"]

1.e4 c5 2.Nf3 d6 3.d4 Nf6 4.Nc3 cxd4 5.Nxd4 a6 6.Be3 e6 7.Be2 Be7 8.f4 Qc7
9.g4 Nc6 10.g5 Nd7 11.a3 b5 12.Nxc6 Qxc6 13.Qd4 O-O 14.O-O-O Bb7 15.Rhf1 Rfe8
16.f5 Ne5 17.f6 Bf8 18.fxg7 Kxg7 19.h4 Kg8 20.h5 Rac8 21.h6 Nc4 22.Bh5 Ne5
23.Bf4 Ng6 24.Qf6 e5 25.Bxg6 fxg6 26.Bxe5 dxe5 27.Qf7+ Kh8 28.Rd7 Qxd7 29.Qxd7 Bc6
30.Rxf8+  1-0

[Event "Czech Open A"]
[Site "Pardubice CZE"]
[Date "2006.07.29"]
[Round "9"]
[White "Borik,J"]
[Black "Kapusta,P"]
[Result "1-0"]
[WhiteElo "2199"]
[BlackElo "2144"]

1.e4 c5 2.Nf3 d6 3.Nc3 Nf6 4.d4 cxd4 5.Nxd4 a6 6.Be3 e5 7.Nb3 Be6 8.f3 Be7
9.Qd2 O-O 10.O-O-O Nbd7 11.g4 b5 12.Kb1 Rc8 13.h4 Nb6 14.h5 Nc4 15.Bxc4 bxc4
16.Nc1 Rb8 17.g5 Nd7 18.Rdg1 Qc7 19.g6 Rfc8 20.h6 fxg6 21.hxg7 Qb7 22.b3 Nf6
23.Bg5 a5 24.Ka1 cxb3 25.cxb3 Qc6 26.N1e2 a4 27.Bxf6 axb3 28.Qh6 b2+ 29.Kb1 Bxa2+
30.Kc2 b1=Q+ 31.Rxb1 Bxb1+ 32.Kc1 Kf7 33.Qxh7 Rg8 34.Rh6 Qb7 35.Qxg6+ Ke6
36.Bxe7+ Kd7 37.Qe6+  1-0

[Event "MTO Open"]
[Site "Biel SUI"]
[Date "2006.07.30"]
[Round "6"]
[White "Jenni,F"]
[Black "Hammer,J"]
[Result "1-0"]
[WhiteElo "2481"]
[BlackElo "2306"]

1.e4 c5 2.Nf3 d6 3.d4 cxd4 4.Nxd4 Nf6 5.Nc3 a6 6.Be3 Ng4 7.Bg5 h6 8.Bh4 g5
9.Bg3 Bg7 10.h3 Ne5 11.f3 Nbc6 12.Bf2 Be6 13.Be2 O-O 14.Qd2 Nxd4 15.Bxd4 Qa5
16.h4 Ng6 17.g3 Bxd4 18.Qxd4 Qe5 19.Qxe5 dxe5 20.h5 Nh8 21.O-O-O Rad8 22.Rxd8 Rxd8
23.g4 f6 24.Rd1 Rxd1+ 25.Nxd1 Nf7 26.Ne3 Nd6 27.Kd2 Kf8 28.a3 Ke8 29.c4 Kd7
30.c5 Ne8 31.Kc3 Kc6 32.b4 Nc7 33.Bc4 Bxc4 34.Kxc4 e6 35.a4 b5+ 36.cxb6 Kxb6
37.Kc3 Kc6 38.Nc4 Ne8 39.Kd3 Nc7 40.Na5+ Kd6 41.Kc4 Ne8 42.b5 axb5+ 43.Kxb5 f5
44.Nc4+ Ke7 45.a5  1-0

[Event "Sunny Pawn A"]
[Site "Illichevsk UKR"]
[Date "2006.07.31"]
[Round "11"]
[White "Vovk,Y"]
[Black "Zherebukh,Y"]
[Result "1-0"]
[WhiteElo "2441"]
[BlackElo "2371"]

1.e4 c5 2.Nf3 d6 3.d4 Nf6 4.Nc3 cxd4 5.Nxd4 a6 6.Be3 e6 7.f3 b5 8.Qd2 Nbd7
9.g4 Nb6 10.Qf2 Nfd7 11.O-O-O Bb7 12.Bd3 Rc8 13.Nce2 d5 14.e5 Nc4 15.f4 Nc5
16.Kb1 Be7 17.Bc1 Qb6 18.Rhg1 a5 19.f5 a4 20.g5 g6 21.fxe6 fxe6 22.Qh4 Nxd3
23.cxd3 Nxe5 24.Qh3 O-O 25.Bf4 Nf7 26.Nxe6 Rfe8 27.Be3 Qa6 28.Rdf1 Bf8 29.N2d4 Re7
30.Bd2 Rce8 31.Nxf8 Rxf8 32.Bb4 Rfe8 33.Bxe7 Rxe7 34.Qg3 b4 35.Re1 Rxe1+
36.Rxe1 Qa8 37.Re7 Ba6 38.Qe3 Kf8 39.Qe6 Nxg5 40.Qf6+  1-0

[Event "35th TCh-GRE"]
[Site "Ermioni GRE"]
[Date "2006.07.??"]
[Round "8"]
[White "Papadopoulos,Ge2"]
[Black "Bizopoulos,A"]
[Result "0-1"]
[WhiteElo "1857"]
[BlackElo "2048"]

1.e4 c5 2.Nf3 d6 3.d4 cxd4 4.Nxd4 Nf6 5.Nc3 a6 6.Be3 Nc6 7.Be2 e5 8.Nb3 Be6
9.O-O Be7 10.Kh1 O-O 11.f3 Rc8 12.Qd2 Nd7 13.a3 Nc5 14.Nxc5 dxc5 15.Rad1 Qxd2
16.Rxd2 Rfd8 17.Rfd1 Nd4 18.Kg1 Rd7 19.Kf2 Rcd8 20.Nd5 Bxd5 21.exd5 f5 22.c4 a5
23.Bxd4 cxd4 24.Bd3 Rf8 25.Ke1 Bg5 26.Re2 Be3 27.Rb1 b6 28.Rc2 Rdf7 29.c5 e4
30.Bc4 d3 31.Rc3 Bxc5 32.d6 Bxd6 33.Bxf7+ Kxf7 34.Kf2 Bc5+ 35.Kg3 Re8 36.fxe4 fxe4
37.Rd1 Ke6 38.Kf4 Kd5 39.Rxc5+ bxc5 40.Ke3 Re6 41.Rf1 Rf6 42.Rd1 a4 43.Rd2 g5
44.Rd1 h5 45.Re1 g4 46.g3 Rf3+ 47.Kd2 Kd4  0-1

[Event "MTO Open"]
[Site "Biel SUI"]
[Date "2006.08.01"]
[Round "8"]
[White "Klovans,J"]
[Black "Rashkovsky,N"]
[Result "1-0"]
[WhiteElo "2433"]
[BlackElo "2512"]

1.e4 c5 2.Nf3 d6 3.d4 cxd4 4.Nxd4 Nf6 5.Nc3 a6 6.Be3 e5 7.Nb3 Be7 8.f3 Be6
9.Qd2 Nbd7 10.g4 O-O 11.O-O-O Qc7 12.g5 Nh5 13.Nd5 Bxd5 14.Qxd5 Rfc8 15.c3 b5
16.Bh3 b4 17.c4 a5 18.Kb1 a4 19.Nc1 b3 20.a3 Rd8 21.Ne2 Nf4 22.Nxf4 exf4
23.Bxf4 Ne5 24.c5 Ng6 25.Bg3 Qxc5 26.f4 Nf8 27.Rc1 Qxd5 28.exd5 Ng6 29.Rhe1 Bf8
30.Rc7 Re8 31.Rxe8 Rxe8 32.Rc4 h5 33.gxh6 gxh6 34.Bg4 Re3 35.Rxa4 Bg7 36.Kc1 Rd3
37.Be2 Rxd5 38.Bc4 Rc5 39.Kb1 d5 40.Bxb3 h5 41.Ra8+ Kh7 42.Bc2 Bf6 43.Bf2 Rc4
44.Ra4 Rc8 45.Bd4 Kg7 46.Bxg6 Bxd4 47.Rxd4 fxg6 48.Rxd5 Rc4 49.b4 Rxf4 50.b5 Kf7
51.b6 Ke6 52.Rd3  1-0

[Event "15th Open A"]
[Site "Vienna AUT"]
[Date "2006.08.02"]
[Round "5"]
[White "Schirmbeck,H"]
[Black "Geyler,S"]
[Result "1-0"]
[WhiteElo "2128"]
[BlackElo "2061"]

1.e4 c5 2.Nf3 d6 3.d4 cxd4 4.Nxd4 Nf6 5.Nc3 a6 6.Be3 e5 7.Nb3 Be6 8.f3 Nbd7
9.Qd2 b5 10.O-O-O Qc7 11.Kb1 Nb6 12.Bxb6 Qxb6 13.g4 h6 14.h4 g6 15.Bh3 a5
16.g5 Nh5 17.Nd5 Bxd5 18.Qxd5 Rb8 19.gxh6 a4 20.Nc1 b4 21.Nd3 Qc7 22.Nf2 Nf4
23.Qd2 Bxh6 24.Ng4 Bg7 25.Ne3 O-O 26.Nd5 Qb7 27.h5 Nxh5 28.Qh2 b3 29.cxb3 f5
30.Bxf5 gxf5 31.Qxh5 axb3 32.Qh7+ Kf7 33.Qxf5+ Ke8 34.Qe6+ Kd8 35.Qxd6+ Ke8
36.Nc7+ Kf7 37.Qe6+  1-0

[Event "15th Open A"]
[Site "Vienna AUT"]
[Date "2006.08.02"]
[Round "5"]
[White "Weinberger,S"]
[Black "Bachofner,C"]
[Result "0-1"]
[WhiteElo "2008"]
[BlackElo "2146"]

1.e4 c5 2.Nf3 d6 3.Nc3 Nf6 4.d4 cxd4 5.Nxd4 a6 6.Be3 e5 7.Nf3 h6 8.Bc4 Be7
9.Nd5 Nxd5 10.Bxd5 O-O 11.Qd3 Nc6 12.c3 Be6 13.O-O Rc8 14.b4 Qc7 15.Rfc1 Nb8
16.a4 Nd7 17.Nd2 Nf6 18.c4 Ng4 19.Nb3 Nxe3 20.Qxe3 Bg5 21.Qd3 Bxc1 22.Rxc1 b6
23.c5 dxc5 24.bxc5 bxc5 25.Rxc5 Qd6 26.Rxc8 Rxc8 27.h3 Bxd5 28.exd5 Rd8 29.a5 Qxd5  0-1

[Event "Adolfo Pedrido Mem"]
[Site "Vilagarcia de Arousa ESP"]
[Date "2006.08.02"]
[Round "9"]
[White "Otero Nogueira,B"]
[Black "Casares Cabanas,C"]
[Result "1/2-1/2"]
[WhiteElo "1811"]
[BlackElo "2207"]

1.e4 c5 2.Nf3 d6 3.d4 cxd4 4.Nxd4 Nf6 5.Nc3 a6 6.Be3 e6 7.Bd3 Qc7 8.f4 b5
9.O-O Bb7 10.a3 Nbd7 11.Qf3 Nc5 12.Rfe1 g6 13.Rad1 Bg7 14.Bxb5+ Kf8 15.Bd3 h5
16.Bf2 Nxd3 17.Qxd3 Ng4 18.Re2 Kg8 19.h3 Nxf2 20.Rxf2 Rd8 21.f5  1/2-1/2

[Event "Dutch Open"]
[Site "Dieren NED"]
[Date "2006.08.03"]
[Round "9"]
[White "Broekmeulen,Ja"]
[Black "Otte,Mari"]
[Result "1-0"]
[WhiteElo "2284"]
[BlackElo "2117"]

1.e4 c5 2.Nf3 d6 3.d4 cxd4 4.Nxd4 Nf6 5.Nc3 a6 6.Be3 e6 7.f3 b5 8.Qd2 Bb7
9.g4 Nfd7 10.O-O-O Nb6 11.Nb3 N8d7 12.Na5 Qc7 13.Nxb7 Qxb7 14.Qd4 Rc8 15.g5 Nc4
16.Bxc4 Rxc4 17.Qd2 Qc6 18.Ne2 Qb7 19.Nd4 Be7 20.h4 O-O 21.Kb1 Rfc8 22.Rc1 d5
23.Nb3 dxe4 24.Na5 Qc7 25.Nxc4 bxc4 26.Rcd1 Nb6 27.Qa5 Rb8 28.fxe4 Qc6 29.Qxa6 Bc5
30.Bxc5 Qxc5 31.Qa7 Rf8 32.Rhf1 c3 33.Rf3 cxb2 34.Rb3 Rc8 35.Rxb2  1-0

[Event "MTO Open"]
[Site "Biel SUI"]
[Date "2006.08.04"]
[Round "11"]
[White "Pikula,D"]
[Black "Alekseev,Evgeny"]
[Result "1/2-1/2"]
[WhiteElo "2545"]
[BlackElo "2644"]

1.e4 c5 2.Nf3 d6 3.d4 cxd4 4.Nxd4 Nf6 5.Nc3 a6 6.Be3 e5 7.Nb3 Be6 8.f3 Nbd7
9.Qd2 Be7 10.g4 O-O 11.O-O-O Qc7 12.g5 Nh5 13.Kb1 b5 14.f4 exf4 15.Bxf4 Nxf4
16.Qxf4 Rac8 17.Nd4 Nb6 18.Bg2 Na4 19.Nd5 Bxd5 20.exd5 Nxb2 21.Kxb2 Qc3+
22.Kb1 Qb4+ 23.Kc1 Qa3+  1/2-1/2

[Event "15th Open A"]
[Site "Vienna AUT"]
[Date "2006.08.04"]
[Round "7"]
[White "Balinov,I"]
[Black "Kunin,V"]
[Result "1-0"]
[WhiteElo "2454"]
[BlackElo "2494"]

1.e4 c5 2.Nf3 d6 3.d4 cxd4 4.Nxd4 Nf6 5.Nc3 a6 6.Be3 e5 7.Nf3 Be7 8.Bc4 O-O
9.O-O Be6 10.Bb3 h6 11.Nh4 Nc6 12.Nf5 Kh7 13.Qf3 Ng8 14.Qh3 Qd7 15.Rad1 Bxb3
16.axb3 Nb4 17.Bc5 Nxc2 18.Bxd6 Bxd6 19.Rxd6 Qc8 20.Nd5 Nd4 21.Nde7 Qc7 22.Nxg8 Kxg8
23.Rxh6 f6 24.Rh8+ Kf7 25.Nh6+ Ke7 26.Rh7 Kd6 27.Qd3 Qc5 28.Rxg7 Kc6 29.Nf5 Kb6
30.Ne3 Rad8 31.Nd5+ Ka7 32.Qc4 Qd6 33.Qb4 Qxb4 34.Nxb4 Rc8 35.g3 Nxb3 36.h4 Rc4
37.Nd5 Rxe4 38.Kg2 f5 39.Re7 Re2 40.h5 Nd2 41.Nc3 f4 42.gxf4 exf4 43.Nxe2 f3+
44.Kh3 Nxf1 45.Ng3 Nd2 46.h6 Nc4 47.h7 Nxb2 48.Rf7 Rh8 49.Ne4 a5 50.Kg4 Nd3
51.Kg5 a4 52.Kh6 a3 53.Nc3 Nxf2 54.Rxf3 Ng4+ 55.Kg7 Rxh7+ 56.Kxh7 Ne5 57.Rf6 Nc6
58.Nb5+ Kb6 59.Nxa3 Kc5 60.Rf5+ Kb4 61.Nb5 b6 62.Kg7 Na5 63.Kf6 Nb3 64.Nc7 Nd4
65.Rf4 Kc5 66.Ke5  1-0

[Event "FSIMA August"]
[Site "Budapest HUN"]
[Date "2006.08.09"]
[Round "5"]
[White "To Nhat Minh"]
[Black "Rees,I"]
[Result "1-0"]
[WhiteElo "2234"]
[BlackElo "2241"]

1.e4 c5 2.Nf3 d6 3.d4 cxd4 4.Nxd4 Nf6 5.Nc3 a6 6.Be3 e6 7.f3 b5 8.Qd2 Nbd7
9.g4 h6 10.O-O-O Bb7 11.h4 b4 12.Na4 Qa5 13.b3 Rc8 14.Kb1 d5 15.e5 Nxe5 16.Nxe6 Nxf3
17.Qg2 d4 18.Nxd4 Nd5 19.Nxf3 Nxe3 20.Re1 Bc5 21.Nxc5 Qxc5 22.Qd2 O-O 23.Rxe3 Rfe8
24.Rxe8+ Rxe8 25.Bg2  1-0

[Event "Open"]
[Site "Stare Mesto CZE"]
[Date "2006.08.11"]
[Round "1"]
[White "Volcik,S"]
[Black "Rojicek,V"]
[Result "0-1"]
[WhiteElo "1900"]
[BlackElo "2235"]

1.e4 c5 2.Nf3 d6 3.d4 cxd4 4.Nxd4 Nf6 5.Nc3 a6 6.Be3 e6 7.Bc4 b5 8.Bd3 Bb7
9.f3 Be7 10.O-O O-O 11.a3 Nbd7 12.Qe2 Qc7 13.Na2 d5 14.exd5 Nxd5 15.Bf2 Bf6
16.g3 Rfd8 17.Rac1 Nc5 18.c4 Nxd3 19.Qxd3 bxc4 20.Rxc4 Qd7 21.Qc2 Rac8 22.Rxc8 Rxc8
23.Qd2 e5 24.Ne2 Qf5 25.Ba7 e4 26.Nd4 Bxd4+ 27.Bxd4 exf3 28.Nc3 Nxc3 29.Bxc3 f2+
30.Qxf2 Qd5 31.Qf4 Qg2+  0-1

[Event "Open"]
[Site "Stare Mesto CZE"]
[Date "2006.08.13"]
[Round "3"]
[White "Staufcik,Robert"]
[Black "Vojtek,V"]
[Result "0-1"]
[WhiteElo "2162"]
[BlackElo "2387"]

1.e4 c5 2.Nf3 d6 3.d4 cxd4 4.Nxd4 Nf6 5.Nc3 a6 6.Be3 e5 7.Nb3 Be6 8.Qd2 Be7
9.f3 O-O 10.O-O-O a5 11.Kb1 a4 12.Nc1 Nbd7 13.g4 Nb6 14.g5 Nh5 15.Qf2 Nc4
16.Bxc4 Bxc4 17.Qh4 g6 18.Nd5 Ra6 19.Rhg1 Bxd5 20.Rxd5 h6 21.Qg4 hxg5 22.Bxg5 Bxg5
23.Qxg5 Qxg5 24.Rxg5 Rc8 25.a3 Nf4 26.Rd2 Kg7 27.Nd3 f6 28.Rg4 Nxd3 29.Rxd3 Rac6
30.c3 Rh8 31.h4 Kf7 32.Rd5 Rd8 33.Ra5 Rc4 34.Ra7 Rd7 35.Ra8 Rdc7 36.Rd8 f5
37.exf5 gxf5 38.Rg5 Rxh4 39.Rxd6 Rf4 40.Rdg6 Re7 41.Rg3 Ke8 42.Kc1 e4 43.fxe4 Rf1+
44.Kd2 Rf2+ 45.Ke3 Rxb2 46.Rg8+ Kd7 47.R8g7 fxe4 48.Rxe7+ Kxe7 49.Kxe4 Kd6
50.Kd4 Rb3 51.Rg6+ Kc7 52.c4 Rxa3 53.Kc5 Rb3 54.Rg7+ Kb8 55.Rg2 Ka7 56.Kd4 b6
57.Rc2 Kb7 58.c5 Rb4+ 59.Kd3 b5 60.Rg2 Rc4 61.Rg5 Kc6 62.Rh5 Rxc5 63.Rh6+ Kb7
64.Kd4 Rc6 65.Rh5 Kb6  0-1

[Event "Petrovskaja Ladja A1"]
[Site "Peterhof RUS"]
[Date "2006.08.15"]
[Round "3"]
[White "Shimanov,A"]
[Black "Kosarev,D"]
[Result "1-0"]
[WhiteElo "2306"]
[BlackElo "2173"]

1.e4 c5 2.Ne2 Nf6 3.Nbc3 d6 4.d4 cxd4 5.Nxd4 a6 6.Be3 e6 7.f3 b5 8.Qd2 Bb7
9.g4 h6 10.Rg1 Nbd7 11.h4 g6 12.g5 hxg5 13.hxg5 Nh5 14.a3 Bg7 15.O-O-O O-O
16.Be2 Rc8 17.f4 e5 18.fxe5 Nxe5 19.Bxh5 gxh5 20.Nf5 Nf3 21.Nh6+ Kh8 22.Qe2 Rxc3
23.Qxf3 Qa5 24.Nf5 Rfc8 25.Qxh5+ Kg8 26.Nh6+ Kh8 27.Nxf7+ Kg8 28.Nh6+ Kh8
29.Nf5+ Kg8 30.Ne7+ Kf8 31.Rgf1+  1-0

[Event "Open"]
[Site "Predeal ROM"]
[Date "2006.08.16"]
[Round "6"]
[White "Kutnik,A"]
[Black "Vajda,L"]
[Result "0-1"]
[WhiteElo "2177"]
[BlackElo "2524"]

1.e4 c5 2.Nf3 d6 3.d4 cxd4 4.Nxd4 Nf6 5.Nc3 a6 6.Be3 e5 7.Nf3 Qc7 8.a4 Be7
9.a5 O-O 10.Ra4 Be6 11.Ng5 Bd7 12.Bb6 Qc8 13.Rc4 Nc6 14.Be2 Be6 15.Nxe6 fxe6
16.O-O Qd7 17.Bg4 Nxg4 18.Qxg4 Rf4 19.Qh3 Bd8 20.g3 Rf7 21.Bxd8 Rxd8 22.b4 Nd4
23.Rd1 Rc8 24.Qf1 Rxc4 25.Qxc4 Qc7 26.Rxd4 exd4 27.Qxd4 Rf3 28.Nd1 Qxc2 29.Qxd6 Qxe4
30.Ne3 Rf8 31.Qd2 Rc8 32.h3 h6 33.Kh2 Kh7 34.h4 Rc6 35.Kh3 e5 36.Kh2 Qd4
37.Qe1 Rf6 38.Kg1 Rd6 39.Qb1+ Qd3 40.Qb2 Rd4 41.Qa2 Rxb4 42.Qf7 Qg6 43.Qd5 Qe4
44.Qd7 Rb1+ 45.Nf1 Re1 46.h5 Qb1 47.Qh3 Qd3 48.Qg2 e4 49.g4 e3 50.fxe3 Qxe3+
51.Kh1 Qe2 52.Qxe2 Rxe2  0-1

[Event "Open"]
[Site "Stare Mesto CZE"]
[Date "2006.08.16"]
[Round "7"]
[White "Benco,P"]
[Black "Gasik,Ad"]
[Result "1-0"]
[WhiteElo "2116"]
[BlackElo "2206"]

1.e4 c5 2.Nf3 d6 3.d4 cxd4 4.Nxd4 Nf6 5.Nc3 a6 6.Be3 e5 7.Nb3 Be6 8.f3 d5
9.exd5 Nxd5 10.Nxd5 Qxd5 11.Qxd5 Bxd5 12.O-O-O Be6 13.Bd3 f5 14.Nc5 Bxc5
15.Bxc5 Nc6 16.Rhe1 Rd8 17.Bf1 Kf7 18.Bb6 Rxd1+ 19.Rxd1 Re8 20.Rd6 Ne7 21.Rd8 Rxd8
22.Bxd8 Nd5 23.Kd2 e4 24.fxe4 fxe4 25.c4 Nb4 26.Ba5 Nc6 27.Bc7 g5 28.Ke3 Bf5
29.a3 Ke6 30.Be2 Ne5 31.Kd4 Ng6 32.g4 Nf4 33.Bxf4 gxf4 34.gxf5+ Kxf5 35.Bf1 h5
36.Bh3+  1-0

[Event "Petrovskaja Ladja A1"]
[Site "Peterhof RUS"]
[Date "2006.08.17"]
[Round "6"]
[White "Malysheva,P"]
[Black "Gritsenko,An"]
[Result "1-0"]
[WhiteElo "2323"]
[BlackElo "2367"]

1.e4 c5 2.Nf3 d6 3.d4 cxd4 4.Nxd4 Nf6 5.Nc3 a6 6.Be3 e5 7.Nb3 Be6 8.f3 Be7
9.Qd2 O-O 10.O-O-O Nbd7 11.g4 b5 12.g5 b4 13.Ne2 Ne8 14.Ng3 a5 15.Kb1 a4
16.Nc1 Ra5 17.Nf5 Bxf5 18.exf5 d5 19.f6 gxf6 20.gxf6 Bxf6 21.Bd3 Qe7 22.Rhg1+ Bg7
23.Bf5 Kh8 24.Rg3 d4 25.Qg2 dxe3 26.Rxd7 Qf6 27.Be4 Qe6 28.Rb7 Rg8 29.Rb8 f5
30.Qh3 Nd6 31.Rb6 Rf8 32.Rg5 Qe7 33.Bxf5 h6 34.Rh5 Nxf5 35.Rxf5 Rxf5 36.Qxf5 Ra8
37.Qe4 Rf8 38.Qxe3 Qf7 39.Rxb4 Qh5 40.Rxa4 Qxh2 41.Ra3 Qh1 42.Rd3 Qh4 43.a3 h5
44.Ne2 Qf6 45.Nc3 h4 46.Ne4 Qf5 47.Qe1 Qf4 48.Qh1 Rf5 49.Qg2 Rf8 50.Qh3 Rb8
51.a4 Bh6 52.Ka2 Ra8 53.Qd7 Bg7 54.Rc3 Qh6 55.Rc8+ Rxc8 56.Qxc8+ Bf8 57.Nf2 Qf4
58.Qg4 Qf7+ 59.Kb1 Be7 60.Nd3 Bf6 61.Qf5 Qg7 62.a5 Qg1+ 63.Ka2 Kg7 64.Nxe5 h3
65.Qg4+ Qxg4 66.Nxg4 Bd4 67.Kb3 Kg6 68.Kc4 Ba7 69.Kd3 Kf5 70.b4 Kf4 71.Ke2 Bd4
72.c4 Bc3 73.a6  1-0

[Event "Petrovskaja Ladja S"]
[Site "Peterhof RUS"]
[Date "2006.08.18"]
[Round "7"]
[White "Solovjov,S"]
[Black "Eliseev,Alexe"]
[Result "1-0"]
[WhiteElo "2434"]
[BlackElo "2438"]

1.e4 c5 2.Nf3 d6 3.d4 cxd4 4.Nxd4 Nf6 5.Nc3 a6 6.Be3 e5 7.Nb3 h6 8.f3 Be7
9.Qd2 Be6 10.O-O-O Nbd7 11.g4 b5 12.Kb1 Nb6 13.Qf2 Nc4 14.Bxc4 bxc4 15.Nc5 Qa5
16.Nxe6 Rb8 17.Nxg7+ Kd7 18.Bd2 Rb7 19.Nd5 Qb5 20.Bc3 Rhb8  1-0